[Event "EU-Cup 14th final"]
[Site "Belgrade"]
[Date "1999.01.13"]
[Round "3"]
[White "Greenfeld, Alon"]
[Black "Kurajica, Bojan"]
[Result "1-0"]
[WhiteElo "2521"]
[BlackElo "2536"]
[Annotator "Golod,V"]
[PlyCount "85"]
[EventDate "1999.01.11"]
[EventType "team-k.o."]
[EventRounds "3"]
[EventCountry "YUG"]
[SourceTitle "EXT 2020"]
[Source "ChessBase"]
[SourceDate "2019.10.17"]
[SourceVersion "1"]
[SourceVersionDate "2019.10.17"]
[SourceQuality "1"]
[WhiteTeam "Beer-Sheva Chess Club"]
[BlackTeam "Sarajevo Bosna"]
[WhiteTeamCountry "ISR"]
[BlackTeamCountry "BIH"]

1. d4 Nf6 2. Nf3 e6 3. c4 Bb4+ 4. Nc3 d6 5. Qc2 $5 ({Other alternatives are:} 
5. Bg5) (5. g3) (5. Qb3) (5. e3) (5. a3 $6) 5... Nbd7 $5 (5... Nc6 $5 6. Bg5 (
6. g3 $5) 6... h6 7. Bxf6 Qxf6 8. a3 Bxc3+ 9. Qxc3 O-O 10. e3 e5 11. dxe5 Nxe5
12. Nxe5 dxe5 {= 1-0 Eliskases,E-Schmitt,L/Bad Oeynhausen 1938/HCL (51)}) ({and
} 5... c5 $6 6. e3 O-O 7. Be2 Nc6 8. O-O e5 $6 9. dxe5 dxe5 10. Rd1 Bd7 11. Nd5
{+/- 1-0 Vladimirov,B-Barstatis,R/Leningrad 1962/MCD (29) -was checked in the
previous games.}) 6. g3 $5 ({Also possibly:} 6. a3 Bxc3+ 7. Qxc3 b6 8. g3 Bb7
9. Bg2 O-O 10. O-O Qe7 11. b3 c5 12. Bb2 cxd4 13. Qxd4 e5 $5 {= 1/2-1/2 Rogers,
I-Speelman,J/Salamanca ESP 1998 (19)}) ({and} 6. Bd2 b6 7. e4 Bb7 8. Bd3 e5 9.
O-O-O O-O 10. a3 Bxc3 11. Bxc3 Re8 12. Rhe1 a5 13. b3 exd4 14. Nxd4 Nc5 15. f3
Nxd3+ 16. Qxd3 Nd7 17. a4 Qg5+ 18. Qd2 Qxd2+ 19. Kxd2 {= 1/2-1/2 Borisenko,
G-Lisitsin,G/Leningrad 1956/URS-ch (22)}) 6... b6 $5 ({Worse is:} 6... O-O 7.
Bg2 e5 8. O-O {+=}) 7. Bg2 Bb7 8. O-O Bxc3 9. Qxc3 c5 $5 {N} ({Another line is:
} 9... O-O 10. b3 Qe7 11. Bb2 Ne4 $5 {Besides,there are two options:} (11... a5
$5 12. Rad1 Be4 13. Rfe1 Rfe8 14. Bf1 {1/2-1/2 Dokhoian, Y-Vyzmanavin,A/
Irkutsk 1986/TD (24) +/=/=}) (11... c5 $143 12. Rad1 Rfc8 $6 (12... Ne4 $5) 13.
d5 $1 e5 14. Nh4 Ne8 $2 (14... g6 $142) 15. Nf5 Qf8 16. f4 a6 17. Nxd6 $1 Nxd6
18. fxe5 {+- 1-0 Atalik,S-Vehi Bach,V/Groningen 1996/EXT 98 (21)}) 12. Qc2 f5
13. d5 exd5 14. Rad1 c5 15. cxd5 Qf7 $6 (15... Rae8 $5) 16. Nh4 Rae8 17. f3 $36
{1-0 Ricardi,P-Giaccio,A/Buenos Aires ARG 1998 (34)}) 10. b3 $5 {White's plan
is:Bb2,Rad1or Rfd1and:d5} ({Worse is:} 10. dxc5 Nxc5 11. b3 O-O 12. Bb2 Qe7 {=}
) 10... O-O 11. Bb2 Rc8 ({Dubious:} 11... Ne4 {because of:} 12. Qe3 f5 13. dxc5
$1 {and white has a big positional advantage.} (13. Ng5 $2 cxd4 14. Bxd4 e5 15.
Bb2 f4 $1 16. gxf4 exf4 17. Qh3 $8 Qxg5 (17... Nxg5 $2 18. Qc3 {+=}) 18. Qxd7
Nc5 19. Qh3 f3 $1 {-/+})) 12. Rfd1 $5 ({After} 12. Rad1 {can be recommended:}
d5) 12... Qe7 $1 {><Pe2} (12... d5 $6 13. dxc5 $1 bxc5 (13... Rxc5 $4 14. Ba3
Ne4 15. Qe3 {+-}) (13... Nxc5 14. Qe3 {+=}) 14. e3 {+=}) 13. d5 $5 ({Another
alternativ is:} 13. Qe3) 13... exd5 14. cxd5 Qxe2 $1 (14... b5 $6 15. Nh4 $36)
15. Rd2 {~=} ({Badly:} 15. Re1 {because of:} Qa6 16. Re7 (16. Bf1 b5 17. a4
Bxd5 18. Bxb5 Qb7 {-/+}) 16... b5 $1 17. Rxd7 $140 {??} b4 {-+}) 15... Qe7 $5 (
{In my opinion good enough:} 15... Qa6 $5 16. Bf1 $1 (16. a4 $6 Rfe8 17. Bf1
Qa5 18. Qxa5 bxa5 19. Bc4 Re7 {=/+/-/+}) (16. Bh3 $143 Rcd8 {=+}) (16. Nh4 b5 {
=+}) 16... b5 17. a4 b4 18. Qc2 Qa5 19. Bb5 {~=}) ({Dubious:} 15... Qe4 $6 16.
Re1 Qb4 (16... Qg6 $2 17. Nh4 $36) (16... Qg4 $143 17. h3 Qb4 18. Qxb4 cxb4 19.
Re7 $36) 17. Qxb4 cxb4 18. Re7 {~=}) 16. Re1 Qd8 17. Nh4 {is the best move.}
Re8 18. Rde2 Rxe2 $5 ({Can be recommended:} 18... Re5) 19. Rxe2 $140 Ba6 20.
Re1 ({Worse is:} 20. Re3 {in view of:} Ne5) 20... Qf8 {/\Re8} (20... Ne5 $5)
21. Nf5 Re8 22. Rxe8 Qxe8 (22... Nxe8 $6 23. Qe3 $36 {/\Ne7-c6(weakness><c6;
Pa7)} (23. Nh6+ Kh8 24. Nf5 Nef6 {=+})) 23. Nxd6 Qe2 24. h3 (24. Nc4 $5 Qd1+
25. Bf1 h6 {=} (25... Qxd5 $2 26. Nxb6 $1 axb6 27. Bxa6 Qd1+ 28. Kg2 Qd5+ 29.
Qf3 {+=})) 24... Bd3 $1 25. Nc4 {with the idea Ne5 or Ne3} Be4 26. Bf1 Qh5 27.
Ne3 $6 ({Better is:} 27. d6 Qd1 28. Qe3 {+=}) 27... Qg6 ({Dubious:} 27... Bxd5
{because of:} 28. g4 Qg6 (28... Qg5 29. f4 Qg6 30. Nf5 $36) 29. Nf5 $36) 28.
Qc4 h5 29. Be2 $6 (29. Qa4 $142 h4 30. g4 {+/=/+/-}) 29... Bb1 $6 ({Loses:} 
29... Bxd5 $2 {in view of:} 30. Nxd5 Qb1+ (30... Nxd5 31. Qxd5 Qb1+ 32. Bf1
Qxb2 33. Qxd7 {+-}) 31. Bc1 $1 (31. Qc1 Qxc1+ 32. Bxc1 Nxd5 33. Bxh5 {+=})
31... Nxd5 32. Bd3 Qa1 33. Qxd5 Qxc1+ 34. Kg2 Nf8 (34... Nf6 35. Qd8+) 35. Bc4
Ne6 36. Qa8+ Kh7 37. Qxa7 {+-}) (29... h4 $1 {with the idea after:} 30. g4 Bxd5
$1 31. Nxd5 Qb1+ 32. Bc1 (32. Qc1 $143 Qxc1+ 33. Bxc1 Nxd5 {=+}) 32... Nxd5 33.
Bd3 Qa1 34. Qxd5 Qxc1+ 35. Kg2 Nf8 36. Bc4 Qf4 37. Qb7 {=}) 30. h4 $6 (30. Qa4
$5) 30... Be4 31. a4 (31. Bxf6 $5 Nxf6 $140 32. d6 {+=}) 31... Kh7 ({Loses:} 
31... Bxd5 $2 {in view of:} 32. Nxd5 Qb1+ 33. Bc1 $1 Nxd5 34. Bd3 Qa1 35. Qxd5
Qxc1+ 36. Kg2 Nf8 37. Bc4 Ne6 38. Qa8+ Kh7 39. Qxa7 {+-}) 32. Kh2 ({Good
enough:} 32. d6) 32... Bb1 33. Bf3 $6 (33. Qa6 $142) 33... Bd3 $5 {/\34...Be4
(><Pd5)} 34. Qc1 (34. Qf4 $142) 34... Be4 35. Qd1 Bxf3 36. Qxf3 Qe4 37. Kg2 $6
$138 (37. Qd1 $142 {+=}) 37... Kg6 $6 $138 (37... Qxf3+ $2 38. Kxf3 Kg8 (38...
Ne8 39. Nc4 {+=}) 39. d6 $1 {+=} Ne8 $140 40. Ke4 Nxd6+ 41. Kd5 {and white has
a winning endgame.}) (37... a6 $1 38. Bxf6 $140 Nxf6 39. Qxe4+ Nxe4 40. Kf3
Nd2+ 41. Kf4 Nxb3 42. d6 Nd4 43. d7 Ne6+ 44. Ke5 b5 $132) 38. d6 Qe6 $5 (38...
Qxf3+ $6 39. Kxf3 Ne8 (39... Nf8 40. Kf4 Ne6+ 41. Ke5 Nd8 42. d7 $1 {+/- K})
40. Ke4 $1 (40. Nc4 $2 Kf5) 40... Nxd6+ 41. Kd5 Ne8 42. Kc6 {+/-}) (38... a6 $5
) 39. Qf4 Qe8 $4 {loses right away} (39... Qe4+ $8 40. Qf3 (40. Qxe4+ $143 Nxe4
41. Nc4 Nef6 $1) 40... Qe6 {=}) 40. Qf5+ Kh6 41. Bxf6 $5 ({Better is:} 41. Ng4+
$3 hxg4 (41... Nxg4 $2 42. Qg5+ Kh7 43. Qxg7#) 42. Bc1+ g5 43. hxg5+ Kg7 44.
gxf6+ Nxf6 $8 (44... Kf8 45. Bh6+ Kg8 46. Qg5+) 45. Qg5+ {+-}) 41... Nxf6 (
41... gxf6 42. Qf3 $1 {+-} (42. g4 $143 hxg4 43. Nxg4+ Kg7 44. Nxf6 Nxf6 45.
Qg5+ Kh7 46. Qxf6 Qe4+ 47. Kh2 Qd5 {+/-})) 42. g4 $1 hxg4 ({Also loses:} 42...
Nxg4 43. Nxg4+ hxg4 44. d7 Qa8+ $8 (44... Qd8 45. Qg5+) 45. Kg1 f6 46. h5 {+-})
43. d7 $1 (43. d7 $1 Qa8+ (43... Qd8 $143 44. Nxg4+ Nxg4 45. Qg5+) 44. Kg1 g3
45. f3 $5 {+-} (45. Ng4+ Nxg4 46. Qxg4 {+-} (46. Qg5+ $4 Kh7 47. d8=Q gxf2+ 48.
Kf1 Qh1+ {-+})) 45... Nxd7 46. Ng4#) 1-0

[Event "Mermaid Beach Club"]
[Site "Bermuda"]
[Date "1999.01.22"]
[Round "2"]
[White "Elbilia, Jacques"]
[Black "Gershon, Alik"]
[Result "1/2-1/2"]
[WhiteElo "2360"]
[BlackElo "2467"]
[Annotator "Golod,V"]
[PlyCount "86"]
[EventDate "1999.01.21"]
[EventType "tourn"]
[EventRounds "13"]
[EventCountry "BER"]
[EventCategory "9"]
[SourceTitle "CBM 069"]
[Source "ChessBase"]
[SourceDate "1999.04.01"]
[SourceVersion "1"]
[SourceVersionDate "1999.04.01"]
[SourceQuality "1"]

1. d4 Nf6 2. c4 e6 3. Nc3 Bb4 4. Qc2 O-O 5. a3 Bxc3+ 6. Qxc3 b6 7. Bg5 Bb7 8.
f3 d5 $5 (8... h6 $5 {See comments to Gelfand,B-Tiviakov,S/Elista1998/CBM 65(1/
2-1/2)[Golod,V] (23)}) 9. e3 Nbd7 10. Nh3 $5 {Besides,white has a several
alternatives:} (10. Bd3) (10. cxd5) ({and} 10. Ne2) 10... h6 11. Bh4 Rc8 $5 ({
Another line is:} 11... c5 $5) 12. cxd5 $6 $146 (12. c5 $142 {-was checked in
the previous games.} bxc5 $5 (12... c6 $5 13. b4 (13. Bg3 $5) 13... e5 $1 14.
Bg3 (14. dxe5 $6 Ne4) 14... Qe7 15. Kf2 Rce8 16. Re1 Nh5 $15 {1/2-1/2
Petursson,M-Arnason,J/Espoo 1989/CBM 14 (34)}) 13. dxc5 c6 14. Bg3 Ra8 $5 (
14... a5 $6 15. Bd6 Re8 16. Qb3 Ba8 17. Rc1 Nb8 18. Bd3 e5 19. Nf2 $1 (19. O-O
e4 20. fxe4 Nxe4 21. Bxe4 Rxe4 22. Rf4 {1/2-1/2 Aseev,K-Rozentalis,E/
Daugavpils 1989/CBM 16 (22)}) 19... e4 20. fxe4 dxe4 21. Bb1 Na6 22. O-O $16 {
1-0 Hort,V-Winants,L/Thessaloniki 1988/TD (29)}) 15. Bd6 Re8 16. b4 $5 (16. Bd3
a5 17. O-O Ba6 18. Nf2 e5 19. b4 Bxd3 20. Qxd3 Nb6 $1 $13 {0-1 Mohr,S-Wahls,M/
BL8889 1989/GER-chT (28)}) (16. Nf2 $6 a5 17. Bd3 a4 18. O-O Ba6 19. Bxa6 Rxa6
20. Nd3 Ra8 21. Nb4 Qc8 22. Rfb1 e5 23. b3 Re6 $15 {0-1 Etchegaray,P-Veingold,
A/Zaragoza 1993/EXT 97 (38)}) 16... e5 17. Bd3 d4 18. Qb3 Nd5 19. e4 Ne3 20. g3
Nf6 21. Nf2 Re6 22. Nd1 Ne8 $13 {1/2-1/2 Lev,R-Greenfeld,A/ISR-ch 1992/TD (42)}
) 12... Nxd5 $5 ({Dubious:} 12... exd5 {because of:} 13. Bd3 Re8 14. O-O $1 c5
(14... Rxe3 $2 15. Bxf6 Qxf6 16. Bh7+ Kxh7 17. Qxe3 $16) (14... Ne4 $6 15. fxe4
Qxh4 16. exd5 (16. e5 $2 c5 $36) 16... Bxd5 (16... Rxe3 $2 17. Bh7+ Kxh7 18.
Qxe3 Bxd5 19. Nf4 $16) 17. e4 $1 $14 Bxe4 $140 $4 18. Rf4 {[%csl Re4,Rh4]}) 15.
Rae1 {and white has a slight positional advantage.}) 13. Bxd8 $8 Nxc3 14. Bh4 (
{Senseless:} 14. Be7 {because of:} Rfe8 15. Bh4 Nd5 $8 (15... Na4 $4 16. Bb5
$18 {[%csl Ra4,Rd7]}) 16. Bf2 c5 $36) 14... Nd5 $8 15. Bf2 ({Badly:} 15. e4 {
in view of:} Ne3 {[%cal Ge3c2]} 16. Kf2 (16. Rc1 c5 $36) 16... Nxf1 17. Rhxf1
g5 $1 18. Bg3 f5 $15 {[%csl Rg3][%cal Gf5f4,Gf5e4]}) 15... c5 $11 16. Bb5 (16.
e4 $6 N5f6 {=/=/+}) 16... Bc6 $5 ({Besides,can be recommended:} 16... N5f6 $5
17. e4 cxd4 18. Bxd4 e5 19. Bc3 a6 20. Be2 Rfe8 $11 {[%cal Gd7c5,Gc5a4]}) ({and
} 16... N7f6 $5 17. e4 Nc7 18. Be2 (18. Ba4 $5) 18... cxd4 19. Bxd4 Rfd8 20.
Bc3 Nd7 {[%cal Gd7c5]}) 17. Ba6 Rcd8 18. e4 $5 (18. dxc5 $143 Nxc5 19. Be2 f5
$5 $11) 18... Nc7 19. Be2 cxd4 20. Bxd4 e5 {/\Ne6(><c5,d4)} 21. Be3 Ne6 22. Kf2
$6 ({Slightly better is:} 22. Rc1 $5) 22... Ndc5 23. Rhd1 Ba4 $6 ({Good enough:
} 23... Nd4 24. Bxd4 $6 (24. b4 $142) 24... exd4 25. b4 (25. Nf4 $2 Ba4 {/\d3})
25... Na4 26. Nf4 Nc3 27. Rd2 Rfe8 {=/=/+} (27... Bxe4 $6 28. fxe4 Nxe4+ 29.
Ke1 Nxd2 30. Kxd2 Rfe8 31. Rc1 $14)) 24. Rd5 Bb3 $5 {[%mdl 512]} ({Dubious:} 
24... Rxd5 {because of:} 25. exd5 Nd4 26. Bxd4 $1 exd4 27. b4 Nb3 28. Rd1 Rd8
29. Nf4 g5 30. Nh5 $14 {with the idea:Rd3,Bd1 or Bc4-Bxb3)}) 25. Rxe5 f6 ({
Badly:} 25... Nd3+ 26. Bxd3 Rxd3 27. Nf4 Nxf4 28. Bxf4 {and white have a
material advantage in the endgame.}) 26. Rh5 (26. Rf5 $2 g6 27. Rxc5 bxc5 28.
Bxh6 Rf7 {=/=/+}) 26... g5 $1 27. Ng1 $5 {[%cal Gg2g4,Yg4h5]} (27. Rxh6 $6 {
is refuted by:} Kg7 28. Rh5 Kg6 29. g4 (29. f4 $2 Nxe4+ 30. Kg1 Ng7 $17 {
[%csl Rh5]}) 29... Ng7 30. Nxg5 Nxh5 31. gxh5+ Kxh5 32. Nh3 $44) 27... Kg7 28.
g4 Na4 {[%csl Rb2][%cal Ye6d4,Ye6f4,Gd8d1] Black has a strong pressure on the
queen side in the centre,for a pawn.} ({Dubious:} 28... Kg6 {[%cal Ge6g7] in
view of:} 29. Rc1 $5 $14 {[%cal Gh5h3]} (29. h4 $6 Ng7 30. hxg5 fxg5 {[%cal
Gc5e4]} (30... Nxh5 31. gxh5+ Kxh5 32. gxh6 $14) 31. Bxc5 bxc5 (31... Nxh5 $4
32. gxh5+ Kxh5 33. Bxf8 $18) 32. Rh2 Rd2 33. Rc1 Ne6 $13)) 29. h4 Kg6 {קg5;/
\Nb2} ({Worse is:} 29... Nxb2 {because of:} 30. e5 $1 $14 {[%csl Rf6,Rg5]}) 30.
hxg5 fxg5 31. Rc1 $2 ({Strongly:} 31. Kg2 $1 Nxb2 $140 $2 (31... Rc8 $5 $14)
32. Rb1 Nd1 {(Nc4)} 33. Rxb3 Nxe3+ 34. Rxe3 Nf4+ 35. Kg3 Nxh5+ 36. gxh5+ Kxh5
37. f4+ Kg6 38. f5+ $16) 31... Nxb2 {[%cal Gb2d3,Gb2d1]} 32. Rb1 ({Weakly:} 32.
Rc6 {in view of:} Rc8 $1 (32... Nd3+ 33. Bxd3 Rxd3 34. Ne2 $16 {/\Nd4 or Ng3-f5
}) 33. Rxc8 (33. Rd6 Rfd8 $36) 33... Rxc8 $15) 32... Nd1+ 33. Bxd1 Bxd1 34. Ne2
$5 {[%csl Rd1][%cal Gh5h1]} (34. Rc1 $143 Rd3 35. Rc6 Re8 $15) 34... Rd3 35.
Rh1 Ba4 $6 ({Logically:} 35... Bxe2 36. Kxe2 Rxa3 37. Ra1 Rxa1 38. Rxa1 Rf7 {
with chances for a win.}) 36. Ng3 {[%csl Rh6][%cal Gg3f5]} Rxa3 37. Nf5 Rh8 38.
Ra1 $11 Rxa1 $8 39. Rxa1 {[%csl Ra7,Rb6]} b5 {Only move, other wise white can
get a big advantage.} 40. Bxa7 h5 41. gxh5+ Rxh5 42. Ne7+ (42. Bb8 $5 {[%cal
Yb8h2]}) 42... Kf7 43. Nd5 Nf4 (43... Nf4 44. Nc3 Rh6 $11 {[%cal Gh6a6]})
1/2-1/2

[Event "DEN-ch"]
[Site "Taastrup"]
[Date "1998.04.09"]
[Round "6"]
[White "Schandorff, Lars"]
[Black "Hansen, Curt"]
[Result "1/2-1/2"]
[WhiteElo "2525"]
[BlackElo "2595"]
[Annotator "Golod,V"]
[PlyCount "69"]
[EventDate "1998.04.04"]
[EventType "tourn"]
[EventRounds "9"]
[EventCountry "DEN"]
[EventCategory "9"]
[SourceTitle "CBM 065"]
[Source "ChessBase"]
[SourceDate "1998.08.06"]
[SourceVersion "1"]
[SourceVersionDate "1998.08.06"]
[SourceQuality "1"]

1. d4 Nf6 2. c4 e6 3. Nc3 Bb4 4. Qc2 O-O 5. a3 Bxc3+ 6. Qxc3 b6 7. Bg5 Bb7 8.
e3 (8. f3 $5) 8... d6 9. f3 (9. Nf3 $5) 9... h6 $5 (9... Nbd7 $5 10. Bd3 (10.
Nh3 c5 (10... Rc8 $5 11. O-O-O c5 12. dxc5 Rxc5 13. Rxd6 Qe7 14. Rd2 Rfc8 $44 {
1/2-1/2 Vera,R-Bacrot,E/Capablanca mem Elite 1998 (41)}) 11. dxc5 dxc5 12. Bd3
Qc7 13. O-O Rae8 14. Rad1 Bc6 15. Bc2 h6 16. Bh4 e5 $14 {Van Wely,L-Timman,J/
Hoogovens USA, Merrillville USA 1997/0-1 (71)}) 10... c5 11. dxc5 (11. Ne2 Rc8
12. Qb3 (12. Qd2 $5) 12... h6 (12... d5 13. cxd5 Bxd5 14. Qa4 (14. Qd1 $5)
14... cxd4 15. exd4 Bc6 (15... Qc7 16. Bf4 Qc6 17. Bb5 Qc2 18. Bxd7 Bb3 19.
Qxa7 $14) 16. Qd1 b5 17. O-O Qb6 18. Rc1 Nd5 (18... a5 19. Kh1 b4 20. Qe1 $14)
19. Kh1 a5 20. Qe1 $1 $14 {Adianto,U-Karpov,A/Jakarta m 1997/1-0 (61)}) 13. Bh4
cxd4 (13... d5 $143 14. cxd5 Bxd5 15. Qd1 cxd4 16. Nxd4 Bc4 17. O-O a6 $6 18.
Rc1 b5 $6 19. Bxc4 Rxc4 20. Rxc4 bxc4 21. Qa4 $16 {1/2-1/2 Sokolov,I-Georgiev,
K/Burgas/1992/ (31)}) 14. exd4 d5 15. O-O dxc4 16. Bxc4 Nb8 17. Rac1 $5 (17.
Rad1 Bd5 18. Rc1 Bxc4 19. Rxc4 Qd5 20. Rfc1 $11 {0-1 Hoang Thang Trang-Horvath,
A/FSGM Dec, Budapest HUN 1997 (60)}) 17... Qe7 18. Rfd1 Rfd8 19. Qe3 Nc6 20.
Nc3 Nd5 21. Qf2 $14 {1-0 Hoang Thang Trang-Held,M/FSIM A Oct, Budapest HUN
1997 (35)}) 11... Nxc5 12. Bc2 Rc8 13. Nh3 Ncd7 14. O-O d5 15. b3 dxc4 16. bxc4
Bd5 17. Bxh7+ Kh8 18. Qe1 Bxc4 19. Qh4 Bxf1 20. Bg6+ Kg8 21. Bh7+ {1/2-1/2 Hsu
Li Yang-Wu Shaobin/Karpov GM, Singapore SIN 1997}) 10. Bh4 Nbd7 11. Bd3 c5 $5 {
[%csl Rc4,Rd4][%cal Ga8c8]} 12. Ne2 Rc8 13. b4 $5 (13. Qb3 $143 cxd4 14. exd4
d5 15. O-O dxc4 16. Bxc4 a6 $11 17. a4 Rc6 18. Rfe1 Qc8 19. Rac1 Nd5 20. Bxd5
Rxc1 21. Rxc1 Bxd5 22. Rxc8 Bxb3 $15 {Ivanov,S-Solozhenkin,E/St Petersburg-ch
1998/0-1 (58)}) 13... d5 $1 $11 (13... cxd4 $6 14. exd4 Re8 15. O-O e5 16. Rac1
e4 17. fxe4 g5 18. Bg3 Nxe4 19. Bxe4 Bxe4 20. Bxd6 Bxg2 21. Ng3 Bxf1 22. Rxf1
Re6 23. Nf5 Kh8 24. d5+ Qf6 25. Nd4 Rxd6 26. Rxf6 Rxf6 27. Nf5 Kh7 28. Qc2 Kh8
29. Qe4 {1-0 Baburin,A-Lesiege,A/Europe vs Americas, Mermaid Beach BER 1998})
14. dxc5 $6 (14. cxd5 $5 Nxd5 15. Bxd8 Nxc3 16. Bh4 cxd4 (16... Nxe2 $5 17.
Kxe2 cxd4 18. exd4 Nf6 19. Rac1 {1/2-1/2 Alterman,B-Huzman,A/Zonal 1.1 1998})
17. exd4 Nf6 18. Rc1 Nxe2 19. Kxe2 Rfd8 20. Rhd1 Kf8 21. Bxf6 gxf6 22. Ke3 f5
23. g4 fxg4 24. fxg4 Rxc1 25. Rxc1 Rc8 26. Rxc8+ Bxc8 27. Kf4 f6 28. h4 Ke7 29.
g5 hxg5+ 30. hxg5 fxg5+ {1/2-1/2 Atalik,S-Wells,P/Geza Maroczy GM, Szeged HUN
1997}) 14... bxc5 15. b5 $2 (15. cxd5 $142 cxb4 16. Qxb4 Nc5 17. O-O Bxd5 18.
Rfd1 Nxd3 {1/2-1/2 Hoang Than Trang-Lukacs,P/Budapest FS02 GM 1996}) 15... Nb6
$6 (15... Ne4 $1 16. Bxd8 Nxc3 17. Ba5 (17. Be7 $6 Rfe8 18. Bd6 dxc4 19. Bxc4
Nb6 20. Bd3 Nca4 21. Be5 c4 22. Bc2 Rc5 23. Bd4 Rxb5 $17 {Wang Lei-Peptan,C/
Erevan olw 1996/0-1 (57)}) (17. Nxc3 $5 Rfxd8 $15) 17... Ne5 $1 18. Bxc3 (18.
Kd2 $143 Na4 $1 {[%csl Rc4][%cal Ga4b6]} 19. Rhb1 Nb6 20. Bxb6 axb6 21. Nc1
Rfd8 $17 {Skomorokhin,R-Almasi,Z/HUN-chT1 1995/0-1 (73)}) 18... Nxd3+ 19. Kd2
dxc4 20. Ba5 f5 21. Kc3 $15 {1/2-1/2 Akesson,R-Wedberg,T/26th Rilton Cup,
Stockholm SWE 1998 (32)}) (15... e5 $5 16. cxd5 g5 17. Bf2 c4 18. Bf5 Nxd5 19.
Qd2 Nc5 $36 {0-1 Skomorokhin,R-Moizhess,I/Moscow op 1995 (33)}) 16. Bxf6 $5 (
16. O-O $5 Ne4 17. Qe1 g5 18. cxd5 exd5 19. Bg3 Nxg3 20. Nxg3 d4 21. Nf5 Qf6
22. exd4 Rce8 23. Qf2 cxd4 24. Rad1 $14 {1/2-1/2 Stohl,I-Polak,T/Zlin 1995 (42)
}) 16... Qxf6 17. Qxf6 gxf6 18. cxd5 (18. Rc1 $2 Rfd8 $15) 18... Rfd8 $1 $146 (
18... Bxd5 $6 19. Nc3 Bc4 20. Bxc4 Nxc4 21. Ke2 $14 Rfd8 22. Rhd1 f5 23. a4 Kf8
24. Rac1 Na5 25. Rxd8+ Rxd8 26. Nb1 Rd5 27. Nd2 {Sorokin,M-Atalik,S/
Cheliabinsk-A 1991/1-0 (54)}) (18... exd5 $6 19. Ng3 $14) (18... Nxd5 $6 19.
Kf2 $14) 19. Nc3 $5 (19. a4 $143 c4 $1 20. Bc2 Nxd5 {[%csl Re3]} 21. Be4 f5 22.
Bxd5 Rxd5 $17) 19... Bxd5 {[%csl Gc5][%cal Gd5b3,Gc5c4]} (19... c4 $5 {/\Nd5})
20. Ke2 Bb3 21. Rhc1 $5 $11 {><c2;/\a4-a5} c4 (21... Nd7 $143 22. Ne4 c4 23.
Bc2 $13) 22. Bc2 Nd7 $5 {[%cal Gd7c5]} (22... Kf8 23. a4 Nd7 24. Ne4) 23. Ne4
$1 {[%csl Rb3,Rc5][%cal Ge4d2,Ge4c5,Gd2b3]} (23. Bxb3 $6 cxb3 24. Rab1 Nc5 $15)
23... f5 24. Nd2 Bxc2 (24... Nc5 $6 25. Bxb3 $1 Nxb3 $8 (25... cxb3 $6 26. Rab1
{[%csl Rb3]}) (25... Rxd2+ $2 26. Kxd2 Nxb3+ 27. Kc3 Kg7 28. a4 Kf6 29. Rab1
Nxc1 30. Rxc1 {+/=/+/-}) 26. Nxb3 cxb3 27. Rab1 $1 $14) 25. Rxc2 Nb6 (25... Rc5
$143 26. a4 Nb6 27. Rac1 $14) 26. a4 Rd5 $5 {[%csl Ra4,Rb5]} 27. Nb1 $11 {
[%cal Gb1c3]} (27. a5 $6 Nd7 28. Nxc4 Ne5 29. Rac1 Nxc4 30. Rxc4 Rxc4 31. Rxc4
Rxb5 $15) 27... Kf8 28. Nc3 Rd3 29. e4 $1 {><d5;/\a5} (29. Rac1 $143 {[%cal
Ga4a5]} Nd5 $5 (29... Rcd8 $5) 30. Nxd5 (30. Nd1 $6 Ra3 31. Rxc4 Ra2+ 32. Kf1
Rxc4 33. Rxc4 Rd2 $44) 30... exd5 31. Rd1 $13) 29... fxe4 30. fxe4 Ke7 (30...
Nd7 $144) 31. a5 Nd7 32. Ra4 $5 {[%csl Rc4]} (32. Rd1 $143 Ne5 $15) 32... Ne5
33. b6 axb6 34. axb6 Rb8 {[%csl Rc4,Rd3][%cal Ye5c4,Ye5d3]} 35. Rxc4 $1 (35.
Rxc4 Nxc4 36. Kxd3 Nxb6 $11) 1/2-1/2